| 000 | 01247nam a22002777a 4500 | ||
|---|---|---|---|
| 999 |
_c112524 _d112524 |
||
| 003 | dpl | ||
| 005 | 20190115124509.0 | ||
| 008 | 190115b ||||| |||| 00| 0 eng d | ||
| 010 | _aB-034343 | ||
| 020 |
_c80.00 _a818739627 |
||
| 035 | _aB-034343,B-034347 | ||
| 037 | _bCen Lib/Ret | ||
| 040 |
_aDPL _bHN _c0 |
||
| 082 |
_a821 _bशर्माज |
||
| 100 |
_aशर्माज ,जयधारी _948018 |
||
| 245 |
_aतुलसीदल : _cजयधारी शर्मा _bइक्कीसवी सदी का प्रथम काव्य -संग्रह / |
||
| 246 |
_aTulsidal :ikkisvi sadi ka p[ratham kavya sangrah _bby Jaydhaari Sharma |
||
| 260 |
_aगाज़ियाबाद _bअनुभव प्रकाशन _c2000 |
||
| 270 |
_aई -28 लाजपत नगर साहिबाद _bगाज़ियाबाद _e201005 |
||
| 300 |
_a48पृष्ठ. _c21सेमी (सजिल्द) |
||
| 650 |
_aहिंदी साहित्य _948019 |
||
| 650 |
_aहिंदी काव्य -तुलसीदल _948020 |
||
| 650 |
_ahindi literature _948021 |
||
| 650 |
_aHindi poetry -Tulsidal _948022 |
||
| 942 |
_2ddc _cHN _h821 _mशर्मा |
||